000
00310nam a2200121Ia 4500
008
240126s9999 xx 000 0 und d
041
_a
English
245
0
_a
Gyan Management
260
_b
Gian Jyoti Institute of management & technology
_a
Punjab
440
_a
NULL
650
_a
Gyan,Management
942
_c
JN
999
_c
267676
_d
267676